| 000 | 01238nam0a22003131 4500 | ||
|---|---|---|---|
| 001 | rc\4959022 | ||
| 005 | 20260406072048.0 | ||
| 010 |
_d23 к. _965000 |
||
| 021 |
_aRU _b[65-14971] |
||
| 035 | _a(NLR Aleph) 008957018 | ||
| 090 |
_a9039780 _c9039780 |
||
| 100 | _a20130426d1965 |||y0rusy50 ca | ||
| 101 | 0 | _arus | |
| 102 | _aRU | ||
| 105 | _aa z |||a| | ||
| 200 | 1 |
_aСтасик - веселый человек _aДесять приключений Петуха _eповести _e[для детей] _fВладимир Разумневич _g[ил.: Е. Позднев] |
|
| 210 |
_a[Москва] _cМолодая гвардия _d1965 |
||
| 215 |
_a167 с. _cил. _d20 |
||
| 606 | 1 |
_aШкольники _yСССР _91990539 _3RU\NLR\AUTH\661199450 |
|
| 686 | 0 |
_aШ9(2)1=Р7 _2rubbk |
|
| 700 | 1 |
_aРазумневич _bВ.Л. _f1928-1996 _gВладимир Лукьянович _3RU\NLR\AUTH\770127947 _9127921 |
|
| 702 | 1 |
_4440 _7ca _8rus _aПозднев _bЕ. П. _f1912-1978 _gЕвгений Павлович _9268864 _3RU\NLR\AUTH\770268920 |
|
| 801 | 0 |
_aRU _bNLR _c20130426 _gpsbo |
|
| 801 | 1 |
_aRU _bELAR _c20130426 _2rusmarc |
|
| 801 | 2 |
_aRU _bNLR _c20150806 _2rusmarc |
|
| 852 |
_aNLR _j65-3/1177 |
||
| 942 | _cBOOK | ||
| 980 | _aNB | ||